Random country to national animal - Statistics

General Stats
  • This quiz has been taken 114 times
  • The average score is 2 of 10
Answer Stats
Country National animal % Correct
Russia Brown bear
100%
Italy Grey wolf
100%
Myanmar Indo-Chinese tiger
100%
Australia Kangaroo
100%
Mongolia Przewalski horse
100%
Canada Beaver
83%
England Lion
83%
Finland Brown bear
80%
Saudi Arabia Camel
75%
Sierra Leone Lion
75%
Madagascar Ring-tailed lemur
75%
Thailand Indian elephant
71%
Chad Goat/Lion
67%
Cape Verde Manatee
67%
Netherlands Lion
60%
Singapore Lion
60%
India Bengal Tiger
50%
Spain Bull
50%
Kuwait Camel
50%
Brazil Jaguar
50%
Cameroon Lion
50%
Kenya Lion
50%
Liberia Lion
50%
Norway Lion
50%
Senegal Lion
50%
Kyrgystan Markhor goat
50%
Sweden Moose
50%
Ethiopia Lion
43%
Turkmenistan Akhel-teke horse
40%
Gabon Black panther
33%
Vauatu Dolphin
33%
Central African Republic Elephant
33%
Belarus European bison
33%
Bulgaria Lion
33%
Pakistan Markhor goat
33%
Iran Asiatic lion
25%
Moazmbique Elephant
25%
Turkey Grey wolf
25%
Luxemburg Lion
25%
Romania Lynx
25%
Lebanon Striped hyena
25%
Laos Elephant
20%
Burundi Hyena
20%
Comoros Lion
20%
Syria Syrian brown bear
20%
UAE Arabian oryx
17%
Guyana Jaguar
17%
Mauritania Lion
17%
Malaysia Malayan tiger
17%
Nepal Cow
14%
Côte d’Ivoire Elephant
14%
Taiwan Formosan black bear
14%
South Africa Springbok
14%
Angola Sable antelope
13%
Yemen Arabian leopard
0%
Bahrain Arabian oryx
0%
Jordan Arabian oryx
0%
Namibia Arabian oryx
0%
Oman Arabian oryx
0%
Qatar Arabian oryx
0%
Moldova Auroch
0%
Morroco Barbary lion
0%
Bangladesh Bengal tiger
0%
Lesotho Black rhino
0%
Ireland Brown hare
0%
Eritrea Camel
0%
Philippines Carabao
0%
Andorra Cow
0%
Greece Dolphin
0%
Papua New Guinea Dugong
0%
Congo Elephant
0%
Guinea Elephant
0%
Guinea-Bissau Elephant
0%
Tunisia Elephant
0%
Djibouti Elk
0%
Antigua and Barbuda Fallow deer
0%
Algeria Fennec fox
0%
China Giant panda
0%
Equatorial Guinea Giraffe
0%
Serbia Grey wolf
0%
Sri Lanka Grizzled giant squirrel
0%
Togo Hippo
0%
The Gambia Hyena
0%
Azerbaijan Karabakh horse
0%
Cambodia Kouprey
0%
Benin Leopard
0%
Mali Leopard
0%
Rwanda Leopard
0%
Somalia Leopard
0%
Belgium Lion
0%
North Macedonia Lion
0%
Slovenia Lipizzaner horse
0%
Bolivia Llama
0%
Tajikistan Marco polo sheep
0%
Croatia Marten
0%
Tanzania Masai giraffe
0%
Cyprus Mouflon
0%
Israel Mountain gazelle
0%
DR Congo Okapi
0%
Malta Pharaoh hound
0%
Zimbabwe Sable antelope
0%
South Korea Siberian Tiger
0%
Afghanistan Snow leopard
0%
Chile South Andean deer
0%
Bhutan Takin
0%
Belize Tapir
0%
Eswatini Thomson’s gazelle
0%
Malawi Thomson’s gazelle
0%
Bosnia and Herzegovina Tornjak
0%
Uzbekistan Turkestan sand cat
0%
Peru Vicuña
0%
Vietnam Water buffalo
0%
Samoa Whale
0%
Costa Rica White-tailed deer
0%
Georgia White-tailed deer
0%
Honduras White-tailed Deer
0%
Mexico Xoloitzcuintli
0%
Botswana Zebra
0%
No matching quizzes found
Score Distribution
Percent of People with Each Score
Percentile by Number Answered
Your Score History
You have not taken this quiz